Rejected Daily Trivia #5 - Statistics

General Stats
  • This quiz has been taken 209 times
  • The average score is 5 of 10
Answer Stats
Question Answer % Correct
Which of the following renaissance artists is also a ninja turtle? Michelangelo
88%
Who was known as Father of the Turks? Mustafa Kemal Atatürk
71%
Which group did Beyoncé belong to before her solo career? Destiny's Child
68%
Who invented the saxophone? Adolphe Sax
64%
Who is considered the first Roman emperor? Augustus
59%
What does the word Pays mean in French? Land
48%
Where does the Caribbean white tent-making bat roost? In hanging leaves
37%
Which country did Sweden NOT fight against in the Great Northern War (1700-1721)? Germany
33%
How many elephants are there in Africa (approximately)? 400 000
21%
What is the english name of the village chief in the Asterix comics? Vitalstatistix
16%
No matching quizzes found
Score Distribution
Percent of People with Each Score
Percentile by Number Answered
Your Score History
You have not taken this quiz